000 00992nam a2200265Ia 4500
003 OSt
005 20221005110511.0
006 a|||||r|||| 00| 0
007 ta
008 221004b |||||||| |||| 00| 0 hin d
024 _a107473
037 _cTextual
040 _aCRL
_cCRL
_bhin
041 _2hin
_ahin
082 _aO152:gN7, M2
100 _aरावत, चन्द्रभान
245 0 _aसमकालीन लेखन एक वैचारिकि
246 _aSamakālīn lekhan ek vaichāriki
260 _aनई दिल्ली
_bनेशनल पब्लिशिंग हाउस भारत
_c1982
300 _a114पृ0
_ccm.
650 _aहिन्दी साहित्य
700 _a खण्डेलवाल, राजकुमार
942 _hO152:gN7, M2
_cTEXL
_2cc
999 _c1019015
_d1019015